История русского литературного языка (Record no. 332695)
[ view plain ]
| 000 -Лідер | |
|---|---|
| fixed length control field | 00672nam a22002297a 4500 |
| 003 - Ідентифікатор контрольного номера | |
| control field | UA-OsUOA |
| 001 - Контрольний номер | |
| control field | 46604 |
| 007 - Фіксоване поле фізичного опису | |
| fixed length control field | ta |
| 008 - Елементи даних фіксованої довжини – загальна інформація | |
| fixed length control field | 20070703b un ||||| |||| 00| 0 ukr d |
| 090 ## - Локальний шифр розміщення | |
| Класифікаційний індекс УДК | 811.161.1 |
| Авторський знак (НП) | С54 |
| 040 ## - Джерело каталогізації | |
| Агенція оригінальної каталогізації | UA-OsUOA |
| Мова каталогізації | rus |
| Агенція, яка здійснювала перезапис | UA-OsUOA |
| Агенція, яка здійснювала модифікацію | UA-OsUOA |
| 041 ## - Код мови | |
| Код мови тексту/ звукової доріжки чи окремого заголовка (П) | rus |
| 080 ## - Індекс Універсальної десяткової класифікації | |
| Індекс Універсальної десяткової класифікації (УДК) (НП) | 811.161.1 |
| 100 ## - Основне введення – ім’я особи | |
| Ім’я особи (НП) | Соболевский А.И. |
| 245 ## - Відомості про назву | |
| Назва (НП) | История русского литературного языка |
| 260 ## - Публікація, розповсюдження і т.п. (Вихідні дані) | |
| Місце публікації, розповсюдження і т.п. (П) | Ленинград |
| Дата публікації, розповсюдження і т.п. (П) | 1980 |
| 300 ## - Фізичний опис | |
| Обсяг | 193 с. |
| 650 #7 - Додаткове предметне введення – тематичний термін | |
| Тематичний термін чи географічна назва, як елемент введення (НП) | 8 Мовознавство. Художня література. Літературознавство |
| Джерело заголовка чи терміна | UDC |
| 942 ## - Додаткові елементи входу (Коха) | |
| Тип елемента Koha | Books |
| 955 ## - Код типу видання за змістом | |
| Код типу видання за змістом (НП) | Навчальні видання |
| Стан вилучень | Стан втрат | Джерело класифікації або схеми стелажів | Стан уражень | Не для кредиту | Код колекції | Постійне місце розташування | Поточне розміщення | Дата придбання | Джерело придбання | Вартість, звичайна ціна покупки | Інвентарний номер | Усього замовленно | Повний номер виклику | Штрих-код | Дата останнього перегляду | Ціна ефективна від | Тип елемента Koha |
|---|---|---|---|---|---|---|---|---|---|---|---|---|---|---|---|---|---|
| Universal Decimal Classification | Колекція Крекотня В. І. | ЧЗ - Читальна зала | ЧЗ - Читальна зала | 03/07/2007 | 120/2007 | 7.00 | 105364 | 811.161.1 С54 | 105364 | 07/02/2022 | 03/07/2007 | Books | |||||
| Universal Decimal Classification | Колекція Крекотня В. І. | ЧЗ - Читальна зала | ЧЗ - Читальна зала | 05/10/2012 | 7.00 | 92507 | 811.161.1 С54 | 92507 | 07/02/2022 | 03/07/2007 | Books | ||||||
| Universal Decimal Classification | Колекція Крекотня В. І. | ЧЗ - Читальна зала | ЧЗ - Читальна зала | 20/09/2012 | 7.00 | 92508 | 811.161.1 С54 | 92508 | 07/02/2022 | 03/07/2007 | Books |